| 000 -LEADER |
| fixed length control field |
00479cam a22001577a 4500 |
| 008 - FIXED-LENGTH DATA ELEMENTS--GENERAL INFORMATION |
| fixed length control field |
180718b1970 xxu||||| |||| 00| 0 eng d |
| 082 ## - DEWEY DECIMAL CLASSIFICATION NUMBER |
| Classification number |
B131x73 p983 |
| 100 ## - MAIN ENTRY--PERSONAL NAME |
| Personal name |
Putnam , Robert G. |
| 245 ## - TITLE STATEMENT |
| Title |
A geography of urban places |
| Statement of responsibility, etc. |
Ed. by Robert G. Putnam and others |
| 260 ## - PUBLICATION, DISTRIBUTION, ETC. |
| Place of publication, distribution, etc. |
Toronto |
| Name of publisher, distributor, etc. |
Methuen |
| Date of publication, distribution, etc. |
1970 |
| 300 ## - PHYSICAL DESCRIPTION |
| Extent |
xiii,462p |
| 650 ## - SUBJECT ADDED ENTRY--TOPICAL TERM |
| Topical term or geographic name entry element |
Urbanization --Addresses, essays, lectures. |
| 650 ## - SUBJECT ADDED ENTRY--TOPICAL TERM |
| Topical term or geographic name entry element |
Cities and towns |
| 700 ## - ADDED ENTRY--PERSONAL NAME |
| Personal name |
Kettle, Phillip G. |
| 700 ## - ADDED ENTRY--PERSONAL NAME |
| Personal name |
Taylor, Frank J. |